000 00532nam a22001697a 4500
999 _c40904
_d40904
003 OSt
005 20200916110516.0
008 200916b ||||| |||| 00| 0 eng d
020 _a9780070702509
040 _coclc
082 _a621.3827
_bLIU/P
100 _aLiu, Max Ming Kang
245 _aPrinciples And Applications Of Optical Communications /
_cMax Ming Kang Liu
260 _aNew Delhi:
_bTataMcGraw Hill Publishing,
_c2010.
300 _a1004p
942 _cBK
_2ddc
_h621.3827
_iLIU/P
_k621.3827
_mLIU/P